000
00291nam a22001337a 4500
008
180928b xxu||||| |||| 00| 0 eng d
020
_a
9780321162120
041
_a
eng
080
_2
5 DE
_a
330.101
100
_a
52
101
_a
ECO
245
_a
Macroecomics
_c
Abel.A.B
942
_2
udc
_c
BK
999
_c
48674
_d
48674